000 00751nam a2200217Ii 4500
003 JO-AjNU
008 230605s9999||||xx |||||||||||||| ||und||
017 _a2002/1/275
040 _aJO-AjNU
_bara
_erda
_cJO-AjNU
041 _aara
050 1 4 _aHF5415.A4284.2002
100 3 _aالعجارمة،تيسير/محمد عبد حسين آل فرج الطائي,
_eauthor
_929068
245 0 0 _aنظام المعلومات التسويقية
250 _aط1
264 3 1 _aعمان:دار ومكتبة الحامد للنشر والتوزيع،2002
300 _a167ص
336 _atext
_btxt
_2rdacontent
337 _aunmediated
_bn
_2rdamedia
338 _avolume
_bnc
_2rdacarrier
650 4 _aالتسويق-ادارة المبيعات
_929069
999 _aA11353
_c14921
_d14921